000 01013nam a22002537a 4500
005 20170124103001.0
010 _aA-492852
020 _c60.00
035 _aA-492852
037 _bCen Lib/Ret
040 _aDPL
_bHN
082 _a
_bमिश्रवि
100 _aमिश्र, विपिनबिहारी
_9130
245 _aमन के आईने में /
_cविपिनबिहारी मिश्र
246 _aMan ke aeene men /
_bby Vipin Bihari Mishra
260 _aदिल्ली
_bपराग प्रकाशन
_c1991
270 _a3/११४, कर्ण गली, विश्वास नगर, शाहदरा
_bदिल्ली
_e110032
300 _a112पृ.
_c21सेमी (सजिल्द)
650 _aहिन्दी साहित्य
_954591
650 _aकहानियां
_954592
650 _aHindi literature
_954593
650 _aStories
_97500
942 _2ddc
_cHN
_h
_mमिश्रवि
999 _c113956
_d113956